Účetnictví průmyslového podniku v podmínkach automatického zpracování dat Sbírka příkladů a úloh

Enregistré dans:
Détails bibliographiques
Auteur principal: Hrdinová, Dana
Collectivité auteur: Vysoká škola ekonomická v Praze. Fakulta řízení
Format: Livre
Langue:tchèque
Publié: Praha Státní pedagogické nakladatelství 1990
Édition:1. vyd.
Tags: Ajouter un tag
Pas de tags, Soyez le premier à ajouter un tag!

MARC

LEADER 00000nam a2200000 4500
001 c040754
005 20221215120904.7
041 0 |a cze 
044 |a CZ 
245 1 0 |a Účetnictví průmyslového podniku v podmínkach automatického zpracování dat  |b Sbírka příkladů a úloh  |c Dana Hrdinová a kol. 
250 |a 1. vyd. 
264 1 |a Praha  |b Státní pedagogické nakladatelství  |c 1990 
300 |a 206 s. 
100 1 |a Hrdinová, Dana 
710 2 |a Vysoká škola ekonomická v Praze. Fakulta řízení